Jobs in 1901 India: More Men or Women? - Statistics

General Stats
  • This quiz has been taken 17 times
  • The average score is 12 of 21
Answer Stats
Hint Answer % Correct
Defence Men
94%
Butchers Men
94%
Administration Men
82%
Musical Instruments Men
82%
Midwives Women
82%
Cotton Spinners Women
76%
Brick Makers Men
71%
Tobacco Sellers Men
65%
Silk-worm Farmers Women
59%
Rice Pounders Women
59%
Flour Grinders Women
59%
Tattooers Women
53%
Rope and Net Makers Women
53%
Produce Sellers Women
53%
Bangles Men
47%
Potters Men
47%
Paan Sellers Men
35%
Hay Sellers Women
35%
Field Laborers Women
29%
Indoor Servants Men
24%
Dressmakers Men
24%
No matching quizzes found
Score Distribution
Percent of People with Each Score
Percentile by Number Answered
Your Score History
You have not taken this quiz